General Knowledge Trivia #1 - Statistics

General Stats
  • This quiz has been taken 235 times
  • The average score is 7 of 15
Answer Stats
Question Answer % Correct
Is Puerto Rico a US State? No
99%
Is New Mexico a US State or a City? A State
94%
Who is widely known as 'The King of Pop' ? Michael Jackson
86%
Who was the Democratic Presidential Candidate in 2008? Barack Obama
79%
Name one type of energy Correct!
55%
What religion does the Torah originate from? Judaism
54%
Who starred as Rose DeWitt Bukater in the 1997 film 'Titanic' ? Kate Winslet
53%
In what year was 'The Wizard of Oz' released? 1939
45%
What is the name of the 2004 film starring Lindsay Lohan? Mean Girls
38%
What is the name of Rihanna's makeup brand? Fenty Beauty
30%
What is the lowest possible grade to receive at GCSE Level? U
26%
What is the most streamed song in Spotify History? Blinding Lights
18%
How much money did Elon Musk pay for Twitter/X? $44 Billion
11%
What is the name of Ariana Grande's 6th Studio Album? Positions
11%
How many people died in World War II ? Approximately 70-85Million
7%
No matching quizzes found
Score Distribution
Percent of People with Each Score
Percentile by Number Answered
Your Score History
You have not taken this quiz